Functional analysis : applications in mechanics and inverse problems (Record no. 18526)

MARC details
000 -LEADER
fixed length control field 00844nam a2200277 a 4500
001 - CONTROL NUMBER
control field 156102
003 - CONTROL NUMBER IDENTIFIER
control field OSt
005 - DATE AND TIME OF LATEST TRANSACTION
control field 20210924155719.0
008 - FIXED-LENGTH DATA ELEMENTS--GENERAL INFORMATION
fixed length control field 180420 ### HIN
020 ## - INTERNATIONAL STANDARD BOOK NUMBER
International Standard Book Number 9781402007569
082 ## - DEWEY DECIMAL CLASSIFICATION NUMBER
Classification number 515.7
Item number F97F
100 ## - MAIN ENTRY--PERSONAL NAME
Personal name Lebedev, L. P.
245 ## - TITLE STATEMENT
Title Functional analysis : applications in mechanics and inverse problems
Statement of responsibility, etc by L. P. Lebedev, I. I. Vorovich and G. M. L. Gladwell
250 ## - EDITION STATEMENT
Edition statement 2nd ed.
260 ## - PUBLICATION, DISTRIBUTION, ETC. (IMPRINT)
Place of publication, distribution, etc Dordrecht
Name of publisher, distributor, etc Kluwer Academic
Date of publication, distribution, etc 2002
300 ## - PHYSICAL DESCRIPTION
Extent x, 247p.
490 ## - SERIES STATEMENT
Series statement Solid mechanics and its applications; Vol. 100
653 ## - INDEX TERM--UNCONTROLLED
Uncontrolled term Functional analysis
653 ## - INDEX TERM--UNCONTROLLED
Uncontrolled term Differential equations, Partial
653 ## - INDEX TERM--UNCONTROLLED
Uncontrolled term Materials
653 ## - INDEX TERM--UNCONTROLLED
Uncontrolled term Civil engineering
653 ## - INDEX TERM--UNCONTROLLED
Uncontrolled term Global analysis (Mathematics)
700 ## - ADDED ENTRY--PERSONAL NAME
Personal name Vorovich, I. I.
700 ## - ADDED ENTRY--PERSONAL NAME
Personal name Gladwell, G. M. L.
942 ## - ADDED ENTRY ELEMENTS (KOHA)
Source of classification or shelving scheme Dewey Decimal Classification
Koha item type Books
Holdings
Withdrawn status Lost status Source of classification or shelving scheme Damaged status Not for loan Collection code Home library Current library Date acquired Source of acquisition Total Checkouts Full call number Barcode Date last seen Date checked out Price effective from Koha item type
    Dewey Decimal Classification     General Text Book Central University Of Rajasthan Central University Of Rajasthan 20/04/2018 MTH 1 515.7 F97F 30853 22/12/2025 01/10/2025 02/09/2020 Books